01176nam0a22002531 4500001001100000005001700011021001900028035002600047100004100073101000800114102000700122105001800129200013400147210018500281215002200466225012400488300005400612606007300666606006000739700006000799801001800859801002200877852002300899rc\409618720250611090802.0 aRUb[48-28477] a(NLR Aleph) 008136091 a20130415d1948 |||y0rusy50 ca0 arus aRU aa b |||||1 aГорячая раскатка на специальных станкахe[Текстильное машиностроение] aМоскваaЛенинградcМашгиз. [Ленингр. отд-ние]d1948gлаборатория полиграфмашин Ленингр. политехн. ин-та a62 с.cил.d201 aТехнология машиностроенияiСтанки и обработка металлов резанием aПеред загл. авт.: П.В. Камнев aВатерные кольцаxРаскатка горячая2psbo aРаскатка металлов, горячая2psbo 1aКамневbП.В.gПетр Владимирович 0aRUbNLRgpsbo 1aRUbELAR2rusmarc aNLRjТ56 Г-4/200